Geography Quiz

Random Geography or State Quiz
Score 0/16 Timer 05:00
1 Play Today
Letter Nickname % Correct
SShow Me State, Silver State, Sooner State, Sunflower State, Sunshine State
85.3%
GGarden State, Gem State, Golden State, Grand Canyon State, Granite State, Great Lakes State, Green Mountain State
78.1%
BBadger State*, Bay State, Beaver State, Beehive State, Bluegrass State, Buckeye State
64.6%
LLand of Enchantment, Last Frontier, Lone Star State
61.5%
PPalmetto State, Peace Garden State, Peach State, Pelican State, Pine Tree State, Prairie State
57.6%
EEmpire State, Equality State, Evergreen State
54.1%
MMagnolia State, Mount Rushmore State, Mountain State
44.4%
HHawkeye State, Heart of Dixie*, Hoosier State
40.4%
Letter Nickname % Correct
FFirst State
39.8%
KKeystone State
38.9%
AAloha State
38.9%
CCentennial State, Constitution State, Cornhusker State
37.2%
OOcean State, Old Dominion, Old Line State
32.9%
VVolunteer State
32%
TTar Heel State, Treasure State
23.8%
NNatural State, North Star State
19.8%
Come Together.
Have Fun.
All Virtual.
We all need to come together. Play Sporcle's virtual live trivia to have fun, connect with people, and get your trivia on. Join a live hosted trivia game for your favorite pub trivia experience done virtually. If a virtual private party is more your thing, go here for details.

You're not logged in!

Compare scores with friends on all Sporcle quizzes.
OR
Log In

Sporcle TV

Today on Sporcle TV


Watch our educational content, quiz creation guides, and fun videos on Sporcle TV.

Show Comments

Extras

Top Quizzes Today


Score Distribution

Paid Content

Your Account Isn't Verified!

In order to create a playlist on Sporcle, you need to verify the email address you used during registration. Go to your Sporcle Settings to finish the process.

Report this User

Report this user for behavior that violates our Community Guidelines.

Details: